Miembros de Odd Future - Estadísticas

Estadísticas generales
  • Esta prueba ha sido intentada 3 veces
  • La puntuación promedio es 10 de 21
Estadísticas de respuestas
Miembro durante Miembro % Correcto
2007 - 2009 Casey Veggies
100%
2009 - 20102012 - presente Earl Sweatshirt
100%
2009 - presente Frank Ocean
100%
2011 - presente Lionel Boyce
100%
2007 - presente Tyler, the Creator
100%
2009 - presente Domo Genesis
67%
2007 - 20162018 - presente Hodgy
67%
2007 - presente Left Brain
67%
2007 - 20162018 - presente Syd
67%
2007 - presente Travis Bennett
67%
2011 - 2015 Lucas Vercetti
33%
2007 - 2016 Matt Martians
33%
2009 - presente Mike G
33%
2010 - 2015 Na-Kel Smith
33%
2008 - 2010 Brandun DeShay
0%
2010 - 2015 Eddy Tekeli
0%
2007 - presente Jasper Dolphin
0%
2011 - 2015 Julian Berman
0%
2012 - 2015 Luiz Pérez
0%
2008 - 2015 Pyramid Vritra
0%
2010 - 2015 Sagan Lockhart
0%
No se encontraron pruebas coincidentes
Distribución de puntuación
Porcentaje de gente con cada puntuación
Porcentaje por número respondido
Historial de tus puntuaciones
No has intentado esta prueba.